Les 11 frères et sœurs de Bienvenue chez les Loud - Statistiques

Statistiques générales
  • Ce quiz a été pris 243 fois
  • Le résultat moyen est 10 sur 11
Statistiques - réponses
Âge Réponse % Correct
16 Leni
96%
17 Lori
95%
1 Lily
91%
6 Lola
88%
4 Lisa
87%
13 Lynn
87%
6 Lana
86%
11 Lincoln
84%
14 Luan
84%
8 Lucy
84%
15 Luna
84%
Aucun quiz correspondant
Distribution des résultats
% des personnes avec chaque résultat
Percentile par nombre de réponses
Votre historique - résultats
Vous n’avez pas pris ce quiz